| 000 | 00358nam a22001337a 4500 | ||
|---|---|---|---|
| 082 |
_a808.831 _bBHA _cN-01, P-46 |
||
| 100 |
_aBhanet, Reinu _946877 |
||
| 245 |
_aBonanza of the fairy tales _cBhanet, Reinu |
||
| 260 |
_aIndia _bArora |
||
| 300 |
_a192 p. _bill. _c26 cm |
||
| 526 |
_a0 _b0 _c0 _d808_831000000000000_BHA |
||
| 650 |
_aNUST _96342 |
||
| 942 |
_2ddc _cBK |
||
| 999 |
_c550128 _d550128 |
||